00326nam a2200121 a 4500008004100000020001500041050001600056100001700072245002200089246004600111260003800157350000900195120416s0000 ||||||||||||||||| || u a0748703586 aPN 3117 Dor aJohnson, Liz10aDorothy Heathcote acollected writings on education and drama aCheltenhambStanley Thornesc1984 a0.00